00546 2200205 4500001002100000005001500021008004100036020001800077035002500095041000800120082001200128090001200140100001400152245006000166250001600226260003600242300003500278500000800313650001900321INLIS00000000000809220130515195505 ind  a979-026-091-7 a0010-051300000008092 aind a297.130 a297.130 aDzulmani, aMengenal Kitab -Kitab Hadis c.2 / editor, Fatur, Rahman aCetakan : 1 aYogjakartabInasan Madanic2008 axxii, 274 hlm. : ilus. ;23 cm. a269 aKumpulan hadis